| 000 | 00945cam a2200289 a 4500 | ||
|---|---|---|---|
| 001 | 2468390 | ||
| 003 | ARRUPE | ||
| 005 | 20140131141742.0 | ||
| 008 | 900315s1990 nyuc 001 0 eng | ||
| 010 | _a 90005851 | ||
| 020 |
_a1557040605 : _c$14.95 |
||
| 040 |
_aDLC _cDLC _dDLC |
||
| 050 | 0 | 0 |
_aJX1963 _b.W713 1990 |
| 082 | 0 | 0 |
_a327.1/72 _220 |
| 245 | 0 | 4 |
_aThe Words of peace : _bselections from the speeches of the winners of the Nobel Peace Prize / _cselected and edited by Irwin Abrams ; foreword by Jimmy Carter. |
| 250 | _a1st ed. | ||
| 260 |
_aNew York : _bNewmarket Press, _cc1990. |
||
| 300 |
_a139 p. : _bports ; _c22 cm. |
||
| 500 | _aIncludes index. | ||
| 650 | 0 |
_aPeace. _97603 |
|
| 650 | 0 |
_aPeace _xAwards. _97604 |
|
| 650 | 0 |
_aNobel Prizes. _97605 |
|
| 650 | 0 |
_aNobel Prize winners. _97606 |
|
| 700 | 1 |
_aAbrams, Irwin, _d1914-2010. _97607 |
|
| 906 |
_a7 _bcbc _corignew _d1 _eocip _f19 _gy-gencatlg |
||
| 942 |
_2lcc _cMONOGRAPH |
||
| 999 |
_c119849 _d119849 |
||